000 00752nam a2200241 i 4500
001 135209
003 ES-MaACL
005 20250824230755.0
007 t|
008 070711s1962 sp ||||1| spa d
080 _a2(02)
100 0 _aTomás de Aquino,
_cSanto
_9110514
245 1 0 _aDoctrina teológica /
_cTomás de Aquino ; adaptación de Walter Farrell, y Martin J. Healy.
260 _aMadrid :
_bRialp,
_c1962.
300 _a669 p. ;
_c18 cm.
490 1 _aDe Patmos Libros de Espiritualidad. 3
650 1 7 _aTeología
_2embne
_917457
700 1 _aFarrell, Walter.
_948892
700 1 _aHealy, Martín J.
_962241
830 0 0 _aPatmos (Rialp)
_9181154
852 _aES-MaACL
_jC-22670
_bR.51142
999 _c135209
_d135209